000 00635cam a22002053a 4500
001 44723
003 PGUSA
005 20140828084024.0
008 140121s2014||||xxu|||||s|||||000 | eng d
040 _aPGUSA
_beng
042 _adc
100 1 _aGasté, Armand
245 1 0 _aDiderot et le Curé de Montchauvet :
_bUne mystification littéraire chez le baron d'Holbach, 1754
_h[electronic resource] /
_cArmand Gasté
260 _bProject Gutenberg,
_c2014
506 _aPublic domain in the USA.
516 _aElectronic text
830 0 _aProject Gutenberg
_v44723
856 4 0 _uhttp://www.gutenberg.org/ebooks/44723
942 _cEB
999 _c273974
_d273974